LEADER 01060nam a2200265 4500 001 000000362398 003 CaOOAMICUS 005 20250407120455.0 008 250331s2005 it 000 u ita r 020 $a88-89373-49-0 040 $aSeMil$bita 100 1 $aGrossi, Paolo.$0(OLS)http://semarc/name/8778 245 13$aIl diritto tra potere e ordinamento /$cPaolo Grossi. 264 1$aNapoli :$bEditoriale scientifica,$c2005. 300 $a75 p. ;$c21 cm 490 1 $aLezioni Magistrali ;$v2 650 4$aDiritto.$0(OLS)http://semarc/subject/1609 830 0$aLezioni Magistrali ;$v2.$0(OLS)http://semarc/title/453296 850 $aSeMil 852 $aSeMil$W1$xVenegono$y1$m3L II 120$j255807$B253311$CSeMilBibl$Z2$F253311 $81 961 $aBuzzi mons. Franco - Omaggio 996 $6020$a88-89373-49-0$9(OLS)http://semarc/number/302900 996 $6245$aIl diritto tra potere e ordinamento$9(OLS)http://semarc/title/453295 996 $6264$aNapoli :$bEditoriale scientifica$9(OLS)http://semarc/publisher/32484 LEADER 01072nam a2200265 i 4500 001 000000186379 003 CaOOAMICUS 005 20150907000000.0 008 150907s1956 it u000 u ita u 013 $a164426 040 $aSeMil$bita 100 1 $aSalvaderi, Carlo.$0(OLS)http://semarc/name/39537 245 10$aEstote nitidi :$bpreparazione e ringraziamento alla s. Messa /$cCarlo Salvaderi. 260 $aRoma :$bLucere et Ardere,$cstampa 1956. 300 $a312 p. ;$c14 cm. 500 $aFondo card. Giovanni Colombo. 650 4$aEucaristia.$0(OLS)http://semarc/subject/3487 650 4$aPreghiera.$0(OLS)http://semarc/subject/1091 650 4$aVita spirituale.$0(OLS)http://semarc/subject/381 850 $aSeMil 852 $aSeMil$W1$xVenegono$y1$m3GC I 467$j137066$B137066$CSeMilBibl$Z2$F148641 $8B 941 1 $a3 961 $aLascito: Colombo Card. Giovanni 996 $6245$aEstote nitidi :$bpreparazione e ringraziamento alla s. Messa$9(OLS)http://semarc/title/267911 996 $6260$aRoma :$bLucere et Ardere$9(OLS)http://semarc/publisher/34612